Struggle and survival in Palestine/Israel (Record no. 105238)
[ view plain ]
| 000 -LEADER | |
|---|---|
| fixed length control field | 01903nam a2200457Ia 4500 |
| 082 04 - DEWEY DECIMAL CLASSIFICATION NUMBER | |
| Classification number | 956.94 |
| 245 00 - TITLE STATEMENT | |
| Title | Struggle and survival in Palestine/Israel |
| 260 ## - PUBLICATION, DISTRIBUTION, ETC. (IMPRINT) | |
| Place of publication | Berkeley : |
| Name of publisher | University of California Press, |
| Year of publication | 2012. |
| 300 ## - PHYSICAL DESCRIPTION | |
| Number of Pages | xii, 459 p. |
| 650 #0 - SUBJECT ADDED ENTRY--TOPICAL TERM | |
| Topical Term | Cities and towns |
| Topical Term | Jews |
| Topical Term | Jews |
| Topical Term | Palestinian Arabs |
| Topical Term | Palestinian Arabs |
| Topical Term | Arab-Israeli conflict |
| 700 1# - ADDED ENTRY--PERSONAL NAME | |
| Personal name | LeVine, Mark Andrew, |
| Personal name | Shafir, Gershon. |
| 856 40 - ELECTRONIC LOCATION AND ACCESS | |
| Uniform Resource Identifier | http://site.ebrary.com/lib/rucke/Doc?id=10590397 |
No items available.
